Statistics for Ultimate Twenty One Pilots Quiz

Click here to take the quiz!

General Stats

  • This quiz has been taken 571 times
  • The average score is 8 of 15

Answer Stats

HintAnswer% Correct
How many members are in the band?2
100%
The drums are played by what member?Josh Dun
98%
What U.S. state do they originate from?Ohio
96%
What was their first studio album?Twenty One Pilots
90%
How many songs are on the self titled?14
84%
What year was regional at best released?2011
82%
What label where they signed to in 2012?Fueled By Ramen
82%
What book did Tyler use as inspiration for the name?All My Sons
69%
What band was the drummer previously in?House of Heroes
55%
What was the first song released from Blurryface?Fairly Local
51%
Vessel reached number ** on the Billboard top 20058
15%
What date did Emotional Roadshow start? (ddmmyyyy)01062016
0%
How many likes did the band have on Facebook before getting signed **quoting Tyler**9765
0%
What relevance do Nick Thomas and Chris Salih have with the band?They were origionally members
0%
What Billboard music award did the band win in 2016?Top Rock Artist
0%

Score Distribution

Percentile by Number Answered

Percent of People with Each Score

Your Score History

You have not taken this quiz